| 000 | 00913nam a2200277Ia 4500 | ||
|---|---|---|---|
| 020 | _a0765207508 (gr.3) | ||
| 020 | _a0765207516 (gr.4) | ||
| 020 | _a0765207524 (gr.5) | ||
| 020 | _a0765207532 (gr.3,teacher resource guide) | ||
| 020 | _a0765207540 (gr.4,teacher resource guide) | ||
| 020 | _a0765207559 (gr.5,teacher resource guide) | ||
| 040 | _cKZS | ||
| 082 | _a372 MOD 1999 A064 Or. | ||
| 100 | 1 | _aBaron, Lindamichelle | |
| 245 | 1 | 4 | _aThe write direction / |
| 260 |
_aParsippany, N.J. : _bModern Curriculum Press, _c1999 |
||
| 300 |
_a3 v. : _bcol. ill. ; _c29 cm. + _eteacher resource guide (3 v. : col. ill. ; 31 cm.) |
||
| 500 | _aTeacher resource guide: spiral binding | ||
| 500 | _aIncludes indexes | ||
| 650 | 0 | _aEnglish language | |
| 650 | 0 | _aLanguage arts (Elementary) | |
| 650 | 4 | _aCurmats | |
| 700 | 1 | _aSicinski-Skeans, Sharon | |
| 710 | 2 | _aModern Curriculum Press | |
| 942 | _cEK | ||
| 999 |
_c13997 _d13997 |
||